[Event "EU-Cup Online Gr-F"]
[Site "Tornelo INT"]
[Date "2021.03.28"]
[Round "6.4"]
[White "Saatdjian, Stephane"]
[Black "Gleizer, Adar"]
[Result "1-0"]
[WhiteElo "2131"]
[BlackElo "1833"]
[PlyCount "81"]
[EventDate "2021.03.27"]
[EventType "team-tourn (rapid)"]
[EventRounds "9"]
[EventCountry "NET"]
[SourceTitle "CBM 201 Extra"]
[Source "ChessBase"]
[SourceDate "2021.05.31"]
[SourceVersion "1"]
[SourceVersionDate "2021.05.31"]
[SourceQuality "1"]
[WhiteTeam "Villejuif"]
[BlackTeam "Tsafrir Rehovot"]
[WhiteTeamCountry "FRA"]
[BlackTeamCountry "ISR"]

1. e4 e5 2. Bc4 Nf6 3. d3 Bc5 4. Nc3 Nc6 5. f4 d6 6. Nf3 Bg4 7. Na4 Bb6 8. Nxb6 axb6 9. a3 Nd4 10. c3 Nxf3+ 11. gxf3 Bh3 12. Rg1 Nh5 13. fxe5 Qh4+ 14. Ke2 dxe5 15. Qe1 Nf4+ 16. Bxf4 Qxf4 17. Qg3 Qxg3 18. Rxg3 Be6 19. Bxe6 fxe6 20. Rxg7 0-0-0 21. Rag1 Rd7 22. Rg8+ Rxg8 23. Rxg8+ Rd8 24. Rxd8+ Kxd8 25. Ke3 Ke7 26. f4 exf4+ 27. Kxf4 Kf6 28. d4 c6 29. c4 b5 30. cxb5 cxb5 31. d5 exd5 32. exd5 h6 33. h4 Ke7 34. Ke5 Kd7 35. d6 b4 36. axb4 Kd8 37. Ke6 Ke8 38. h5 Kd8 39. d7 b5 40. b3 Kc7 41. Ke7 1-0

[Event "EU-Cup Online Gr-F"]
[Site "Tornelo INT"]
[Date "2021.03.27"]
[Round "3.4"]
[White "Gleizer, Adar"]
[Black "Jablonicky, Martin"]
[Result "0-1"]
[WhiteElo "1833"]
[BlackElo "2298"]
[PlyCount "60"]
[EventDate "2021.03.27"]
[EventType "team-tourn (rapid)"]
[EventRounds "9"]
[EventCountry "NET"]
[SourceTitle "CBM 201 Extra"]
[Source "ChessBase"]
[SourceDate "2021.05.31"]
[SourceVersion "1"]
[SourceVersionDate "2021.05.31"]
[SourceQuality "1"]
[WhiteTeam "Tsafrir Rehovot"]
[BlackTeam "Zilina Mladost"]
[WhiteTeamCountry "ISR"]
[BlackTeamCountry "SVK"]

1. e4 Nf6 2. Nc3 e5 3. Bc4 c6 4. d3 d5 5. Bb3 Bd6 6. exd5 cxd5 7. Bxd5 Nxd5 8. Nxd5 Be6 9. Nc3 0-0 10. Nf3 Nc6 11. Be3 Rc8 12. Qe2 Re8 13. 0-0 Bg4 14. h3 Nd4 15. Bxd4 exd4 16. Ne4 Bh5 17. Qd2 Bxf3 18. gxf3 Re6 19. Ng3 Qh4 20. Kg2 Rg6 21. Qe1 Rxg3+ 22. fxg3 Rxc2+ 23. Kg1 Qxh3 24. Rf2 Qxg3+ 25. Kf1 Qh3+ 26. Kg1 Bh2+ 27. Kh1 Bg3+ 28. Kg1 Bxf2+ 29. Qxf2 Rxf2 30. Kxf2 Qh2+ 0-1

[Event "EU-chT U18 "]
[Site "Pardubice"]
[Date "2019.07.16"]
[Round "6.4"]
[White "Gleizer, Adar"]
[Black "Stoyanov, Viktor"]
[Result "0-1"]
[WhiteElo "1748"]
[BlackElo "2198"]
[PlyCount "64"]
[EventDate "2019.07.11"]
[EventType "team-swiss"]
[EventRounds "7"]
[EventCountry "CZE"]
[SourceTitle "CBM 191 Extra"]
[Source "ChessBase"]
[SourceDate "2019.09.30"]
[SourceVersion "1"]
[SourceVersionDate "2019.09.30"]
[SourceQuality "1"]
[WhiteTeam "Israel Rehovot U18"]
[BlackTeam "England U18"]
[WhiteTeamCountry "ISR"]
[BlackTeamCountry "ENG"]

1. e4 c5 2. Nf3 d6 3. Bb5+ Nd7 4. Ba4 Ngf6 5. 0-0 a6 6. c4 Nxe4 7. Re1 Nef6 8. d4 cxd4 9. Nxd4 e6 10. Bf4 Qa5 11. Nc3 Be7 12. Nd5 Nxd5 13. cxd5 0-0 14. dxe6 Nc5 15. exf7+ Rxf7 16. Bb3 Nxb3 17. Qxb3 d5 18. Rac1 Bf8 19. Bg3 Bg4 20. h3 Bh5 21. Re3 Rd8 22. Rec3 Re8 23. Rc7 Re1+ 24. Kh2 Rxc1 25. Rxc1 Qd2 26. Qc3 Qh6 27. Re1 Rd7 28. Qc8 Rf7 29. Qd8 Qd2 30. Re8 Qxd4 31. Bd6 Qf6 32. Bxf8 Qxd8 0-1

[Event "EU-chT U18 "]
[Site "Pardubice"]
[Date "2019.07.14"]
[Round "4.4"]
[White "Matis, Tibor"]
[Black "Gleizer, Adar"]
[Result "0-1"]
[WhiteElo "1862"]
[BlackElo "1748"]
[PlyCount "114"]
[EventDate "2019.07.11"]
[EventType "team-swiss"]
[EventRounds "7"]
[EventCountry "CZE"]
[SourceTitle "CBM 191 Extra"]
[Source "ChessBase"]
[SourceDate "2019.09.30"]
[SourceVersion "1"]
[SourceVersionDate "2019.09.30"]
[SourceQuality "1"]
[WhiteTeam "Slovakia U18 II"]
[BlackTeam "Israel Rehovot U18"]
[WhiteTeamCountry "SVK"]
[BlackTeamCountry "ISR"]

1. e4 e5 2. Nf3 Nc6 3. d4 exd4 4. Nxd4 Nf6 5. Nc3 Bb4 6. Bg5 h6 7. Nxc6 bxc6 8. Bxf6 Qxf6 9. Qd2 d5 10. exd5 cxd5 11. Qe3+ Kf8 12. Rd1 Bg4 13. Rd4 Re8 14. Rxb4 Rxe3+ 15. fxe3 Bd7 16. Bd3 g6 17. Rf4 Qe5 18. 0-0 f5 19. e4 dxe4 20. Rxe4 Qc5+ 21. Kh1 Kg7 22. Rc4 Qe5 23. Rd1 Be6 24. Rc6 Rd8 25. a4 Rd7 26. Nb5 Bd5 27. Rc5 Qe7 28. b4 c6 29. Nc3 Qh4 30. Nxd5 cxd5 31. Rb5 Re7 32. h3 Re1+ 33. Rxe1 Qxe1+ 34. Kh2 Qe5+ 35. Kg1 Qa1+ 36. Kh2 Qxa4 37. Rxd5 Qxb4 38. Rd7+ Kf6 39. Rxa7 Qf4+ 40. Kh1 Qe3 41. Ra6+ Kg5 42. Kh2 Qe5+ 43. Kg1 Qe1+ 44. Kh2 Kh5 45. Bc4 Qe5+ 46. Kh1 g5 47. Re6 Qa5 48. Bd3 Kh4 49. Re3 Qa1+ 50. Kh2 Qc1 51. Rf3 f4 52. Rf1 Qe3 53. Rf3 Qd2 54. Kg1 h5 55. Rf2 Qc1+ 56. Rf1 Qe3+ 57. Rf2 Kg3 0-1

[Event "EU-chT U18 "]
[Site "Pardubice"]
[Date "2019.07.11"]
[Round "1.4"]
[White "Globus, Or"]
[Black "Gleizer, Adar"]
[Result "1-0"]
[WhiteElo "2352"]
[BlackElo "1748"]
[PlyCount "55"]
[EventDate "2019.07.11"]
[EventType "team-swiss"]
[EventRounds "7"]
[EventCountry "CZE"]
[SourceTitle "CBM 191 Extra"]
[Source "ChessBase"]
[SourceDate "2019.09.30"]
[SourceVersion "1"]
[SourceVersionDate "2019.09.30"]
[SourceQuality "1"]
[WhiteTeam "Israel U18"]
[BlackTeam "Israel Rehovot U18"]
[WhiteTeamCountry "ISR"]
[BlackTeamCountry "ISR"]

1. e4 e5 2. Nf3 Nc6 3. d4 exd4 4. Nxd4 Nf6 5. Nxc6 bxc6 6. e5 Qe7 7. Qe2 Nd5 8. h4 d6 9. c4 Ba6 10. Bg5 f6 11. exf6 Nxf6 12. Bxf6 gxf6 13. Nd2 0-0-0 14. Qxe7 Bxe7 15. 0-0-0 d5 16. b3 Bb4 17. Rh3 Rhe8 18. Kc2 dxc4 19. bxc4 Rd4 20. Bd3 Red8 21. Nb3 Rf4 22. Rf3 Rxf3 23. gxf3 Be7 24. Bf5+ Kb8 25. Rb1 Ka8 26. Be4 Rb8 27. Bxc6+ Bb7 28. Na5 1-0